LDR 00656naa#a2200169#i#450# 001 EN\\bibl\121413 005 20260514180852.4 011 ## _a1994-4683 100 ## _a20230531b2023####ek#y0engy0150####ca 102 ## _aRU 200 1# _aPOSTURE AND GAIT AS A FOUNDATION FOR THE FORMATION OF BODY CULTURE IN STUDENTS _eJournal article 210 1# _aMoscow _cNational State University of Physical Education, Sports and Health named after P.F. Lesgaft _d2023 215 ## _a3 с. 608 ## _aJournal article _2local 675 ## _aСпортивная эстетика. Красота (прекрасное) в спорте. 796.011.7 _z 700 #1 _a _g 856 4# _auchzapiski.lesgaft.spb.ru _u